Rainbow 6 - Alle Major Sieger - Statistiken

Allgemein
  • Dieses Quiz wurde 10 mal gespielt
  • Das Durchschnittsergebnis liegt bei 17 aus 64
Antwortstatistiken
Major Team Player % Korrekt
FaZe Clan
86%
G2
86%
Six Major Charlotte DarkZero Canadian
43%
DarkZero
43%
Six Major Paris G2 Fabian
43%
Six Major Paris G2 Kantoraketti
43%
Six Major Berlin Rouge Kantoraketti
43%
Blast Major Copenhagen W7M nade
43%
Blast Major Atlanta W7M nade
43%
Six Major Paris G2 Pengu
43%
Six Major Jönköping Team BDS Shaiiko
43%
Six Major Berlin Rouge Spoit
43%
Team BDS
43%
Six Major Mexico Team oNe Alem4o
29%
beastcoast
29%
Six Major Jönköping Team BDS BriD
29%
Six Major Berlin Rouge cryn
29%
Six Major Sweden FaZe Clan Cyber
29%
Six Major Berlin Rouge Deapek
29%
Blast Major Manchester beastcoast dfuzr
29%
Blast Major Manchester beastcoast Gaveni
29%
Blast Major Manchester beastcoast Gunnar
29%
Blast Major Copenhagen W7M HerdsZ
29%
Blast Major Atlanta W7M HerdsZ
29%
Six Major Paris G2 jOONAS
29%
Six Major Raleigh Team Empire JoyStiCK
29%
Six Major Mexico Team oNe KDS
29%
Six Major Berlin Rouge LeonGids
29%
Six Major Jönköping Team BDS LikEfac
29%
Six Major Charlotte DarkZero njr
29%
Rouge
29%
Six Major Raleigh Team Empire ShepparD
29%
Team Empire
29%
Six Major Sweden FaZe Clan Astro
14%
Six Major Sweden FaZe Clan Bullet1
14%
Six Major Sweden FaZe Clan cameranm4n
14%
Blast Major Montreal W7M d4sh
14%
Six Major Raleigh Team Empire Dan
14%
Blast Major Montreal W7M Dodez
14%
Blast Major Montreal W7M Dotz
14%
Six Major Charlotte DarkZero Ecl9pse
14%
Six Major Jönköping Team BDS Elemzje
14%
Blast Major Copenhagen W7M FelipoX
14%
Blast Major Atlanta W7M FelipoX
14%
Six Major Paris G2 Goga
14%
Blast Major Manchester beastcoast Hotancold
14%
Six Major Charlotte DarkZero Hyper
14%
Blast Major Copenhagen W7M Jv92
14%
Blast Major Atlanta W7M Jv92
14%
Six Major Raleigh Team Empire karzheka
14%
Blast Major Copenhagen W7M Kheyze
14%
Blast Major Atlanta W7M Kheyze
14%
Blast Major Montreal W7M L0BIN
14%
Six Major Mexico Team oNe Lagonis
14%
Six Major Mexico Team oNe Levy
14%
Six Major Mexico Team oNe Neskin
14%
Six Major Charlotte DarkZero Panbazou
14%
Six Major Jönköping Team BDS Renshiro
14%
Six Major Raleigh Team Empire Scyther
14%
Six Major Sweden FaZe Clan soulz1
14%
Blast Major Manchester beastcoast SpiriTz
14%
Team oNe
14%
Blast Major Montreal W7M volpz
14%
W7M
14%
Keine übereinstimmenden Quizze gefunden
Verteilung der Resultate
Anzahl Personen mit jedem Resultat
Perzentil nach korrekt beantworteten Fragen
Ihre Resultats-Entwicklung
Sie haben dieses Quiz noch nicht gespielt